000 00472nam a2200181Ia 4500
003 GCL
008 140319s9999 xx 000 0 ara d
040 _aGCL /
_cGCL
082 0 4 _a813.009
_bو ق
100 1 _aرجاء عيد
245 1 0 _aقراءة فى ادب نجيب محفوظ /
_cرجاء عيد
300 _a467 ص
490 _aكتاب
_v0
650 0 4 _aالادب العربى
650 0 4 _aالادب
650 0 4 _aتاريخ ونقد
942 _2ddc
_cBK
999 _c41306
_d41306